An evaluation of the potential of coastal wetlands for hurricane surge and wave energy reduction /

Bibliographic Details
Main Author: Loder, Nicholas Mason
Other Authors: Irish, Jennifer L. (Thesis advisor)
Format: Thesis eBook
Language:English
Published: [College Station, Tex.] : [Texas A&M University], [2010]
Subjects:
Online Access:Link to OAK Trust copy

MARC

Tag First Indicator Second Indicator Subfields
LEADER 00000cam a2200000Ka 4500
001 in00002596607
005 20151201120102.0
006 m f d
007 cr unu||||||||
008 100426s2010 txu sbm 000 0 eng d
035 |a (OCoLC)ocn609419508 
035 |a (OCoLC)609419508 
035 |a (TxCM)http://hdl.handle.net/1969.1/ETD-TAMU-3139 
040 |a TXA  |c TXA  |d UtOrBLW 
049 |a TXAM 
099 |a 2008  |a Thesis  |a 1969.1/ETD-TAMU-3139 
100 1 |a Loder, Nicholas Mason. 
245 1 3 |a An evaluation of the potential of coastal wetlands for hurricane surge and wave energy reduction /  |c by Nicholas Mason Loder. 
264 1 |a [College Station, Tex.] :  |b [Texas A&M University],  |c [2010] 
300 |a 1 online resource. 
336 |a text  |b txt  |2 rdacontent 
337 |a computer  |b c  |2 rdamedia 
338 |a online resource  |b cr  |2 rdacarrier 
500 |a "Major Subject: Civil Engineering" 
500 |a Title from author supplied metadata (automated record created 2010-03-12 12:08:51). 
502 |b Master of Science  |c Texas A&M University  |d 2008  |o http://hdl.handle.net/1969.1/ETD-TAMU-3139 
504 |a Includes bibliographical references. 
516 |a Text (Thesis) 
520 3 |a Given the past history and future risk of storm surge in the United States, alternative storm protection techniques are needed to protect vital sectors of the economy and population, particularly within southeastern Louisiana. It is widely hypothesized that coastal wetlands offer protection from storm surge and wave action, though the extent of this protection is unknown due to the complex physics behind vegetated flow dynamics. This thesis presents numerical modeling results that estimate the relative sensitivity of waves and storm surge to characteristics embodied by coastal wetlands. An idealized grid domain and 400 km2 (20 km by 20 km) marsh feature provide a controlled environment for evaluating marsh characteristics, including bottom friction, elevation, and continuity. Marsh continuity is defined as the ratio of healthy marsh area to open water area within the total wetland area. It is determined that increased bottom friction reduces storm surge levels and wave heights. Through the roughening of the bottom from sandy to covered with tall grass, it is estimated that waves may be dampened by up to 1.2 m at the coast, and peak surge may be reduced by as much as 35%. The lowering of marsh elevation generally increases wave heights and decreases surge levels, as expected. A 3.5 m decrease in marsh elevation results in as much as a 2.6 m increase in wave height, and up to a 15% decrease in surge levels. Reductions in marsh continuity enhance surge conveyance into and out of the marsh. For storms of low surge potential, surge is increased by as much as 70% at the coast due to decreasing marsh continuity from 100% to 50%, while for storms of high surge potential, surge is decreased by 5%. This indicates that for storms of high surge potential, a segmented marsh may offer comparable surge protection to that of a continuous marsh. Wave heights are generally increased within the marsh due to the transmission of wave energy through marsh channels. Results presented in this thesis may assist in the justification of coastal wetland mitigation, and optimize marsh restoration in terms of providing maximum storm protection. 
500 |a Electronic resource. 
650 4 |a Major civil engineering. 
653 |a storm surge 
653 |a marsh 
653 |a hurricane 
653 |a stwave 
653 |a wetlands 
653 |a restoration 
653 |a adcirc 
700 1 |a Irish, Jennifer L.,  |e thesis advisor. 
856 4 0 |u http://hdl.handle.net/1969.1/ETD-TAMU-3139  |z Link to OAK Trust copy  |t 0 
948 |a cataloged  |b h  |c 2010/4/26  |d c  |e jhennen  |f 12:35:44 pm 
994 |a C0  |b TXA 
999 |a MARS 
999 f f |s 5c04b864-d675-3e4d-b34d-bb509197acd3  |i 44d752f5-dd91-3fc0-a512-817a42388c0b  |t 0 
952 f f |a Texas A&M University  |b College Station  |c Electronic Resources  |d Available Online  |t 0  |e 2008 Thesis 1969.1/ETD-TAMU-3139  |h Other scheme 
998 f f |a 2008 Thesis 1969.1/ETD-TAMU-3139  |t 0  |l Available Online